The art of war : from the age of Napoleon to the present day.

Bibliographic Details
Main Author: Falls, Cyril, 1888-1971
Format: Book
Language:English
Published: New York : Oxford University Press, 1961.
Series:A Hesperides book, HS3
Subjects:

MARC

Tag First Indicator Second Indicator Subfields
LEADER 00000cam a2200000 4500
001 in00000069125
005 20151008051402.0
008 730306s1961 nyu b 00000 eng u
010 |a  61019637  
035 |a (OCoLC)00570255 
035 |9 AAG7554AM 
040 |c WSU  |d TXA  |d UtOrBLW 
049 |a TXAM  |c [347500] 
050 0 |a U39  |b .F3 
092 |a 355.09  |b F196a 
100 1 |a Falls, Cyril,  |d 1888-1971. 
245 1 4 |a The art of war :  |b from the age of Napoleon to the present day. 
264 1 |a New York :  |b Oxford University Press,  |c 1961. 
300 |a 240 pages 
336 |a text  |b txt  |2 rdacontent 
337 |a unmediated  |b n  |2 rdamedia 
338 |a volume  |b nc  |2 rdacarrier 
490 0 |a A Hesperides book, HS3 
504 |a Includes bibliography. 
650 0 |a Military art and science  |x History. 
999 |a MARS 
999 f f |s 3ed541e0-638c-30ae-9b69-53ea0873cd69  |i 32770316-cc43-3738-891f-f7ea288f9ed5  |t 0 
952 f f |p ric  |a Texas A&M University  |b Rellis Campus  |c Joint Library Facility  |d Remote Storage  |t 0  |e U39 .F3  |h Library of Congress classification  |i unmediated -- volume  |m A14800803196 
998 f f |a U39 .F3  |t 0  |l Remote Storage